Guía de la arquitectura en Santiago
Sábháilte in:
| Príomhchruthaitheoirí: | , , , , |
|---|---|
| Rannpháirtithe: | |
| Formáid: | LEABHAR |
| Teanga: | Spáinnis |
| Foilsithe / Cruthaithe: |
Santiago
Universidad de chile
1976
|
| Ábhair: | |
| Clibeanna: |
Cuir clib leis
Níl clibeanna ann, Bí ar an gcéad duine le clib a chur leis an taifead seo!
|
MARC
| LEADER | 00000nam a2200000 a 4500 | ||
|---|---|---|---|
| 001 | UCT1729 | ||
| 003 | CL-VaPUC | ||
| 008 | 961004e19760000CL |||||||||||||||||spa|d | ||
| 082 | 0 | 4 | |a 720.983 |b ORT |2 21 |
| 100 | |a Ortega Salazar, Óscar |e autor |9 370758 | ||
| 700 | 0 | |a Anduaga García, Magda |e author |9 370759 | |
| 700 | |a Miranda Rioja, Carlos |e autor |9 371496 | ||
| 700 | 0 | |a Pirotte Midleton, Silvia |e author |9 370761 | |
| 700 | 0 | |a Riquelme S., Fernando |e author |9 370762 | |
| 700 | 0 | |a Sahady V., Antonio |e author |9 370763 | |
| 245 | 1 | 0 | |a Guía de la arquitectura en Santiago |
| 300 | |a 203 p | ||
| 942 | |c BK | ||
| 945 | |d 19961004 00:00:00 |a rleighto | ||
| 260 | |a Santiago |b Universidad de chile |c 1976 | ||
| 650 | 0 | |a Arquitectura |9 804558 | |
| 650 | 0 | |a Monumentos |9 265246 | |
| 650 | 7 | |a EDIFICIOS DE MUSEOS |2 CL-VaPUC |9 370765 | |
| 650 | 7 | |a EDIFICIOS DE RECREACION |2 CL-VaPUC |9 369453 | |
| 650 | 7 | |a EDIFICIOS DE TEATRO |2 CL-VaPUC |9 370766 | |
| 650 | 0 | |a Edificios educacionales |9 339745 | |
| 650 | 0 | |a Edificios religiosos |9 335394 | |
| 651 | 7 | |a CHILE |2 CL-VaPUC |9 370767 | |
| 651 | 0 | |a Santiago |9 265444 | |
| 583 | |a last modification |c 19961004 00:00:00 |k Rodrigo Vera | ||
| 999 | |c 252181 |d 252179 | ||
| 952 | |0 0 |1 0 |4 0 |6 720_983000000000000_ORT_1976 |7 0 |8 P |9 271909 |a BIBARQ |b BIBARQ |d 2019-11-19 |i 3235203 |o 720.983 ORT 1976 |p 3235203 |r 2025-01-20 |w 2019-11-19 |y BK |k ARQ | ||